| 000 | 00424cam a2200169ua 4500 | ||
|---|---|---|---|
| 041 |
_aeng _h |
||
| 082 |
_a575.0162 _bBEL/DA |
||
| 100 | _aBell, P R . | ||
| 245 |
_aDarwin`s biological work / _cP R Bell. _hTextual Documents |
||
| 250 |
_a1 / _b. |
||
| 260 |
_aCambridge : _bCambridge University Press , _c1959. |
||
| 300 | _a342 ; . | ||
| 504 | _a | ||
| 700 | 1 | _aChallinor , J . | |
| 942 | _cBK | ||
| 999 |
_c10855 _d10855 |
||